00566nam a2200181 a 45000010010000000030011000100080041000210350026000620820012000881000020001002450057001202600056001776500014002339420012002479520090002599980020003499990015003690000-8713ELIB.Books110520 1979  a(ELIB.Books)0000-8859 aR bKit aKittel, Gerhard aTheological Dictionary of the New Testament (vol-IV) bGrand Rapids: Wm. B. Eerdmans Publishing Co. c1979 aReference 2ddccBK 00102ddc4070aKBTSbKBTSd2011-05-20l0p8482r2022-01-22 00:00:00w2022-01-22yBK cbate2011-05-20 c8713d8713